000 00564nam a2200181Ia 4500
008 090123s9999 xx 000 0 und d
082 _b39092
100 _aकुंटे माधवी
245 _aओशो विचारमंथन
250 _a0
260 _bमनोविकास प्रकाशन
_c2005
300 _a224
600 _aकुंटे माधवी
630 _aओशो विचारमंथन
700 _aकुंटे माधवी
730 _aओशो विचारमंथन
942 _cBOOK
999 _c77156
_d77156